| 000 | 03386nkm0a2200553 4500 | ||
|---|---|---|---|
| 001 | RU\NLR\BIBL_A\012209462 | ||
| 005 | 20260409073021.0 | ||
| 035 | _a(NLR Aleph) 012209462 | ||
| 071 | 5 | 0 |
_d5 коп. _95000 |
| 090 |
_a13537884 _c13537884 |
||
| 100 | _a20200206d1930 u y0rusy50 ca | ||
| 101 | 0 | _arus | |
| 102 | _aRU | ||
| 116 | _adiybxx zz ae | ||
| 135 | _acrcn 024anaba | ||
| 200 | 1 |
_aТашкент _h№ 72 _iВокзал _bИзоматериал _eпочтовая карточка _fфотогр. И.Н. Панова |
|
| 210 |
_a[Москва] _cГИЗ _d[1930?] _eМосква _gТип. "Изв. ЦИК СССР и ВЦИК" |
||
| 215 |
_a1 л. _cракел. глуб. печ. _d10,5х14,7 |
||
| 300 | _aНа адрес. стороне изд. марка - источник сведений о наименовании издателя | ||
| 300 | _aЦенз. разрешение: Главл. А-66140 | ||
| 300 | _aВ вып. дан.: ХРО-Гиз № 222 | ||
| 325 | _aКопия доступна в Электрон. б-ке РНБ | ||
| 540 | 1 | _aВокзал Среднеазиатской железной дороги, Ташкент | |
| 606 | 1 |
_aПочтовые открытки маркированные художественные _yСССР _z1917 - 1941 _92195712 _3RU\NLR\AUTH\6601555037 |
|
| 606 | 1 |
_aФотографические открытки _92151039 _3RU\NLR\AUTH\661600135 |
|
| 606 |
_aВокзалы (ж.-д.) _jОткрытки _3RU\NLR\AUTH\661250786 _92075702 |
||
| 607 |
_aТашкент, город (Узбекистан) _jОткрытки _91144611 _3RU\NLR\AUTH\66137638 |
||
| 610 | 1 | _aВидовые открытки | |
| 617 |
_aСССР _bУзССР _dТашкент, город _eЖелезнодорожный вокзал |
||
| 686 | 0 | _aЩ153(2)7-489 | |
| 702 | 1 |
_aПанов _bИ. Н. _gИван Николаевич _4600 |
|
| 711 | 0 | 2 |
_aТашкентский вокзал _9750350 _3RU\NLR\AUTH\880542994 |
| 712 | 0 | 2 |
_4650 _aГосударственное издательство РСФСР _3RU\NLR\AUTH\8810050489 _9601118 |
| 712 | 0 | 2 |
_4610 _a"Известия ЦИК СССР и ВЦИК", издательство _cМосква _bТипография _3RU\NLR\AUTH\880460424 _9583539 |
| 830 | _aИ.Н. Панов: https://mytashkent.uz/2017/03/22/ivan-panov/ (06.02.2020). А.Я. ОЭст | ||
| 830 | _aСреднеазиатская железная дорога: http://railway.uz/ru/gazhk/istoriya_zheleznykh_dorog/ (06.02.2020). А.Я. ОЭст | ||
| 830 | _aОткрытка датирована по экз. РНБ на шифре Э ОТ63/Т253, инв.185264: на адресной стороне штамп, содержащий год поступления в РНБ: "Г.П.Б-ка обяз. экз. Лнгр. 1930 г. Акт №". А.Я. ОЭст | ||
| 852 | 0 | 0 |
_aNLR _bЭ _jОТ63/Т253 _mинв.185264 |
| 856 | 0 | _uhttps://vivaldi.nlr.ru/lo000072213/view | |
| 856 | 1 | _uhttps://vivaldi.nlr.ru/lo000072213/cover | |
| 856 | 2 | _uhttps://vivaldi.nlr.ru/lo000072213/text | |
| 942 | _cVISUAL | ||
| 980 | _aNB | ||
| 981 | 1 | 7 |
_a(17) Изографические материалы _b(17) Открытки |